000 00668nam a2200241 a 4500
001 BRCA_5694
005 20190320205201.0
008 020311t1911----gw-#######---#000-0#ger-#
041 _ager
044 _agw
050 4 _aML410
_b.W34 1911
100 1 _aWagners, Richard
_d1813-1883
_914463
245 1 0 _aMusikdramen
_cRichard Wagners ; texte mit motiven F. Rühn, Edmund E.
260 _aBerlin
_bGlobus
_c1911
300 _a876 p.
_bil.
_c18 cm.
_e11 partituras
500 _aH17
650 1 4 _aBellas Artes
_zBerlín
_914464
650 1 4 _aÓpera
_zAlemania
_914465
700 1 _aRühn, F.
_914466
700 1 _aE., Edmund
_914467
902 _aGFM
942 _2lcc
_cB
999 _c5387
_d5387